Guía forestal = Argentine forestry guide. /
Guardado en:
| Autor Corporativo: | |
|---|---|
| Formato: | Libro |
| Idioma: | Spanish |
| Publicado: |
Buenos Aires :
Guías Masindian,
[1997?-]
|
| Edición: | 2a ed. |
| Etiquetas: |
Agregar Etiqueta
Sin Etiquetas, Sea el primero en etiquetar este registro!
|
| LEADER | 00760nam a22001695a 4500 | ||
|---|---|---|---|
| 001 | EEA.libagro005778 | ||
| 005 | 20161005110042.0 | ||
| 008 | 130809s1997####ag#a##########000#0#spa#d | ||
| 082 | 0 | 4 | |a 634.90982 |
| 082 | 0 | 4 | |a 338.1749 |
| 245 | 1 | 0 | |a Guía forestal = |b Argentine forestry guide. / |c Secretaría de Agricultura, Ganadería, Pesca y Alimentación, Asociación Forestal Argentina, ed. |
| 250 | |a 2a ed. | ||
| 260 | |a Buenos Aires : |b Guías Masindian, |c [1997?-] | ||
| 300 | |a 295 p. : |b il. ; |c 28 cm. | ||
| 500 | |a Auspiciada por: Secretaría de Agricultura, Ganadería, Pesca y Alimentación de la Nación ... [et al.]. | ||
| 710 | 2 | |a Argentina. |b Secretaría de Agricultura, Ganadería, Pesca y Alimentación. | |
| 859 | |a AR-BbBCA |b BIB. AGRONOMIA |h 634.90982 |i A691-1a2 |p 1998/3122 | ||
